Вып. 2; Параллели; Поражение зрения. Пять размышлений о речевой культуре; Евнух души. Позиция чтения и мир Платонова; Тоталитаризм "с человеческим лицом"; Метафизика "чмока"; Язык молчания; Иррациональные основания власти; Преодолевший соблазн; О патриотизие праведном и греховном
| Parent link: | Параллели: (Россия - Восток - Запад)/ Философское общество СССР; Академия Наук СССР; Институт истории; гл. ред. А. А. Кара-Мурза. Вып. 2.— , 1991- |
|---|---|
| Idioma: | russo |
| Publicado em: |
1991
|
| TOC: | М. Рыкалин, Поражение зрения. Пять размышлений о речевой культуре; В. Подорога, Евнух души. Позиция чтения и мир Платонова; Л. Поляков, Тоталитаризм "с человеческим лицом"; Э. Надточий, Метафизика "чмока"; Л. Морева, Язык молчания; С. Зимовец, Иррациональные основания власти; А. В. Соболев, Преодолевший соблазн; Г. В. Флоровский, О патриотизие праведном и греховном; |
| Assuntos: | |
| Formato: | MixedMaterials Livro |
| KOHA link: | https://koha.lib.tpu.ru/cgi-bin/koha/opac-detail.pl?biblionumber=19800 |
MARC
| LEADER | 00000nam2a2200000 4500 | ||
|---|---|---|---|
| 001 | 19800 | ||
| 005 | 20231101205316.0 | ||
| 010 | |a 5201029078 | ||
| 035 | |a (RuTPU)RU\TPU\book\19969 | ||
| 035 | |a BOOK00000123 | ||
| 090 | |a 19800 | ||
| 100 | |a 20011209d1991 k y0rusy50 ca | ||
| 101 | 0 | |a rus | |
| 102 | |a RU | ||
| 105 | |a y z 001zy | ||
| 200 | 0 | |a Вып. 2 | |
| 210 | |d 1991 | ||
| 215 | |a 183 с. | ||
| 320 | |a Библиогр. в конце ст. | ||
| 461 | 1 | |0 (RuTPU)RU\TPU\book\66798 |t Параллели |o (Россия - Восток - Запад) |o Альманах философской компаративистики |f Философское общество СССР; Академия Наук СССР; Институт истории; гл. ред. А. А. Кара-Мурза |v Вып. 2 |d 1991- | |
| 464 | |t Поражение зрения. Пять размышлений о речевой культуре |f М. Рыкалин | ||
| 464 | |t Евнух души. Позиция чтения и мир Платонова |f В. Подорога | ||
| 464 | |t Тоталитаризм "с человеческим лицом" |o методологическое эссе |f Л. Поляков | ||
| 464 | |t Метафизика "чмока" |f Э. Надточий | ||
| 464 | |t Язык молчания |o философский и поэтический опыт |f Л. Морева | ||
| 464 | |t Иррациональные основания власти |f С. Зимовец | ||
| 464 | |t Преодолевший соблазн |o вступительная статья |f А. В. Соболев | ||
| 464 | |t О патриотизие праведном и греховном |f Г. В. Флоровский | ||
| 606 | 1 | |a Русская философия |x история |z 20 в. |2 stltpush |3 (RuTPU)RU\TPU\subj\67507 |9 83282 | |
| 610 | 1 | |a философия | |
| 610 | 1 | |a русская философия | |
| 610 | 1 | |a история | |
| 610 | 1 | |a Россия | |
| 610 | 1 | |a патриотизм | |
| 610 | 1 | |a тоталитаризм | |
| 686 | |a Ю3(2)6 |v LBC/SL-A |2 rubbk | ||
| 801 | 0 | |a RU |b 63413507 |c 20011209 |g PSBO | |
| 801 | 2 | |a RU |b 63413507 |c 20140922 |g PSBO | |
| 942 | |c BK | ||